| 000 | 00783na a2200265 4500 | ||
|---|---|---|---|
| 001 | 14414 | ||
| 003 | MIRAKIL | ||
| 005 | 20181213154823.0 | ||
| 008 | 161110b tu 000 0 | ||
| 035 | _a14414 | ||
| 040 |
_aMilas _btur _cTR-AnCHP |
||
| 041 | _atur | ||
| 082 |
_a956.101591992 _bÖ91e [t.y.] |
||
| 090 | _a956.101591992 Ö91e [t.y.] | ||
| 100 | _aÖzçelik, İsmail | ||
| 245 |
_aErmeni iddiaları ve gerçekler _cİsmail Özçelik |
||
| 260 |
_aKırıkkale _bTürk Metal Sendikası Yayınları _c[t. y.] |
||
| 300 |
_a85 s. _btbl. _c20 sm. |
||
| 504 | _aKaynakça var. | ||
| 650 | _aSoykırım iddiaları | ||
| 650 |
_aErmeniler _xTarih _zTürkiye |
||
| 650 |
_aErmeni soykırımı _xBelgeler _zTürkiye |
||
| 650 |
_aErmeni sorunu _zTürkiye |
||
| 942 |
_2ddc _cBKS |
||
| 999 |
_c1455 _d1455 |
||